000 00351nam a22001457a 4500
999 _c533746
_d533746
020 _a978-1285852744
040 _cMSOHAIL
082 _a005.133
_bMAL
100 _aD. S. Malik
_927721
245 _aC ++ Programming Program Design Including Data Structures
250 _a7th edition
260 _cc2015
300 _a1680;pxv
942 _2ddc
_cBK